000 00297nam a2200145Ia 4500
100 _aPapoulis/ Athanasios
942 _cBK
654 _aProbability
245 _aProbability
260 _bTata Mc Graw hill
_c2004
082 _a519.2
_bPAP
300 _a852
546 _aENGLISH
999 _c35540
_d35540